000 00743nam a2200217Ii 4500
003 JO-AjNU
008 230605s9999||||xx |||||||||||||| ||und||
017 _a2017/9/4814
020 _a978-9957-19-060-6
040 _aJO-AjNU
_bara
_erda
_cJO-AjNU
041 _aara
050 1 4 _aPJ7842 2018
100 3 _aتقديم السعودي، محمد,
_eauthor
_958363
245 0 0 _aخالد الكركي.. سياسيا ومثقفا
264 3 1 _aعمان:مؤسسة عبد الحميد شومان، 2018
300 _a202ص
336 _atext
_btxt
_2rdacontent
337 _aunmediated
_bn
_2rdamedia
338 _avolume
_bnc
_2rdacarrier
650 4 _aادب عربي - القرن العشرين - الاردن - خالد الكركي
_958364
999 _aA26205
_c29773
_d29773